[Event "4NCL Online Division 5"]
[Site "online"]
[Date "2020.04.14"]
[Round "2.212"]
[White "Young, Andy"]
[Black "Liu, Benjamin"]
[Result "1-0"]
[WhiteElo "1532"]
[BlackElo "700"]
[PlyCount "103"]
[EventDate "2020.04.14"]
[WhiteTeam "East Cornwall Clowns"]
[BlackTeam "BBC Penguins"]

1. e4 c6 2. d4 d5 3. Nc3 dxe4 4. Nxe4 Bf5 5. Ng3 Bg6 6. Nf3 Nf6 7. Bc4 Nbd7 8.
O-O e6 9. Re1 Be7 10. c3 O-O 11. Nh4 Rc8 12. Nxg6 fxg6 13. Bxe6+ Kh8 14. Qe2
Bd6 15. Qd3 Re8 16. Bg5 Rb8 17. Bb3 Qb6 18. Rab1 Qa5 19. Bxf6 gxf6 20. Bf7
Rxe1+ 21. Rxe1 Kg7 22. Bb3 f5 23. Qc4 Rf8 24. Qe6 Qc7 25. h4 Rf6 26. Qe3 h5 27.
Qg5 Kh7 28. Kf1 Bxg3 29. fxg3 Qd6 30. Qe3 Qc7 31. Qe7+ Kh8 32. Qe8+ Nf8 33. Re6
Qd7 34. Qxd7 Nxd7 35. Re7 Rd6 36. Bf7 Kg7 37. Be8+ Kf8 38. Rxd7 Rxd7 39. Bxd7
Ke7 40. Bc8 b5 41. Ba6 Kd6 42. Ke2 Kc7 43. c4 bxc4 44. Bxc4 Kd6 45. Kd3 c5 46.
dxc5+ Kxc5 47. b3 Kb4 48. a4 Ka5 49. Kc3 Kb6 50. Bf7 a6 51. Bxg6 f4 52. gxf4
1-0

[Event "4NCL Online Division 5"]
[Site "online"]
[Date "2020.04.14"]
[Round "2.213"]
[White "Bell, Euan"]
[Black "Jenkins, Simon"]
[Result "0-1"]
[WhiteElo "700"]
[BlackElo "1525"]
[PlyCount "64"]
[EventDate "2020.04.14"]
[WhiteTeam "BBC Penguins"]
[BlackTeam "East Cornwall Clowns"]

1. c4 e5 2. Nc3 d6 3. b3 f5 4. Bb2 c6 5. g3 Nf6 6. Bg2 Be7 7. Nf3 O-O 8. O-O h6
9. Qc2 e4 10. Nh4 Qe8 11. d3 g5 12. Nxf5 Bxf5 13. dxe4 Bg6 14. Rad1 Nbd7 15.
Qc1 Ne5 16. c5 Rd8 17. Qb1 d5 18. Qc1 Bxc5 19. exd5 Nfg4 20. Kh1 Nxf2+ 21. Kg1
Nfd3+ 22. Kh1 Rxf1+ 23. Rxf1 Nxc1 24. Rxc1 cxd5 25. Rf1 Ng4 26. Nd1 d4 27. h3
Ne3 28. Nxe3 Qxe3 29. Rd1 Be4 30. Bxe4 Qxe4+ 31. Kg1 d3+ 32. Kf1 Qh1# 0-1

[Event "4NCL Online Division 5"]
[Site "online"]
[Date "2020.04.14"]
[Round "2.214"]
[White "Hendin, Richard"]
[Black "Florczak, Adam"]
[Result "1-0"]
[WhiteElo "1360"]
[BlackElo "700"]
[PlyCount "79"]
[EventDate "2020.04.14"]
[WhiteTeam "East Cornwall Clowns"]
[BlackTeam "BBC Penguins"]

1. d4 d5 2. Nc3 Nf6 3. Bf4 Nc6 4. e3 e6 5. a3 Be7 6. h4 O-O 7. h5 Ng4 8. f3 Nf6
9. g4 Bd7 10. g5 Nxh5 11. Rxh5 g6 12. Rh2 b6 13. Bd3 a5 14. Nge2 Bxg5 15. Qd2
Bh4+ 16. Bg3 Bxg3+ 17. Nxg3 Qg5 18. Nge2 e5 19. O-O-O exd4 20. Nxd4 Nxd4 21.
Rg2 Nxf3 22. Rxg5 Nxd2 23. Rxd2 Rae8 24. Nxd5 Re6 25. e4 Bc6 26. Nxc7 Rf6 27.
Nd5 Bxd5 28. exd5 Re8 29. Rd1 Rc8 30. Bb5 Rf2 31. c3 Rc5 32. a4 h6 33. Re5 h5
34. Re8+ Kg7 35. d6 h4 36. d7 h3 37. d8=Q h2 38. Rg8+ Kh7 39. Qf8 Rh5 40. Qg7#
1-0

[Event "4NCL Online Division 5"]
[Site "online"]
[Date "2020.04.14"]
[Round "2.221"]
[White "Freund, Michael P"]
[Black "Leeson, Chris J P"]
[Result "1-0"]
[WhiteElo "1770"]
[BlackElo "1817"]
[PlyCount "119"]
[EventDate "2020.04.14"]
[WhiteTeam "Sheffield Deaf"]
[BlackTeam "Wessex Some Stars C"]

1. d4 d5 2. Bf4 e6 3. e3 Bd6 4. Bg3 f5 5. Bb5+ Bd7 6. Bxd6 cxd6 7. Bxd7+ Nxd7
8. Ne2 Ngf6 9. Nbc3 O-O 10. O-O Ne4 11. Nxe4 fxe4 12. Nf4 Qe7 13. Qg4 Rf6 14.
c3 Re8 15. b3 Rh6 16. Rac1 Nf6 17. Qd1 g5 18. Ne2 Ng4 19. h3 Nf6 20. Ng3 Qg7
21. c4 Qg6 22. f3 exf3 23. Qxf3 g4 24. hxg4 Nxg4 25. Qf4 e5 26. dxe5 dxe5 27.
Qf3 e4 28. Qf4 Ne5 29. Nf5 Nf3+ 30. Rxf3 exf3 31. Nxh6+ Kg7 32. Nf5+ Kg8 33.
Qxf3 d4 34. exd4 Kh8 35. Rf1 Rf8 36. Qg3 Rxf5 37. Qxg6 hxg6 38. Rxf5 gxf5 39.
Kf2 Kg7 40. Kf3 Kf6 41. Kf4 b6 42. g4 fxg4 43. Kxg4 Ke6 44. Kf4 a5 45. Ke4 Kd6
46. Kd3 Kc6 47. Kc3 Kd6 48. a3 Kc6 49. b4 axb4+ 50. axb4 Kd6 51. c5+ bxc5 52.
bxc5+ Kd5 53. Kb4 Kc6 54. Kc4 Kc7 55. d5 Kb7 56. Kd4 Kc7 57. Ke5 Kd7 58. c6+
Kc7 59. Ke6 Kd8 60. d6 1-0

[Event "4NCL Online Division 5"]
[Site "online"]
[Date "2020.04.14"]
[Round "2.222"]
[White "Chilton, James I"]
[Black "Gibson, Stephen"]
[Result "1-0"]
[WhiteElo "1725"]
[BlackElo "1510"]
[PlyCount "37"]
[EventDate "2020.04.14"]
[WhiteTeam "Wessex Some Stars C"]
[BlackTeam "Sheffield Deaf"]

1. d4 b5 2. e4 a6 3. Nf3 e6 4. Bd3 Bb7 5. O-O c5 6. c3 c4 7. Bc2 Nf6 8. Re1 Be7
9. a4 d6 10. Na3 Nc6 11. Bg5 O-O 12. axb5 axb5 13. d5 Ne5 14. Nxe5 dxe5 15.
dxe6 fxe6 16. Qxd8 Rfxd8 17. Nxb5 Rxa1 18. Rxa1 Rd2 19. Bxd2 1-0

[Event "4NCL Online Division 5"]
[Site "online"]
[Date "2020.04.14"]
[Round "2.223"]
[White "Cooper, Darci"]
[Black "Pankaj Tomar"]
[Result "0-1"]
[WhiteElo "1375"]
[BlackElo "1525"]
[PlyCount "90"]
[EventDate "2020.04.14"]
[WhiteTeam "Sheffield Deaf"]
[BlackTeam "Wessex Some Stars C"]

1. e4 e6 2. d4 d5 3. e5 c5 4. c3 Nc6 5. Nf3 Be7 6. Bb5 Bd7 7. Bxc6 Bxc6 8. O-O
b5 9. Nbd2 Nh6 10. Nb3 c4 11. Nbd2 Nf5 12. b3 a5 13. bxc4 bxc4 14. Nb1 a4 15.
Ba3 Qb6 16. Bxe7 Nxe7 17. Ng5 h6 18. Nf3 Qb2 19. Nbd2 Qxc3 20. Qc1 Qa5 21. Qa3
Ra7 22. Rab1 O-O 23. Qb4 Qd8 24. a3 Bd7 25. Qc5 Rc7 26. Qb6 Qc8 27. Rb4 c3 28.
Nb1 c2 29. h3 c1=Q 30. Nbd2 Qc6 31. Qa5 Q8a8 32. Qxa8 Rxa8 33. Rfb1 Qc3 34.
Rb8+ Rxb8 35. Rxb8+ Rc8 36. Rb7 Qc6 37. Rb2 Nf5 38. Ra2 Qc3 39. Nb1 Qb3 40. Ra1
Rc1+ 41. Kh2 Qb2 42. Nbd2 Qxa1 43. g4 Nxd4 44. Nxd4 Qxd4 45. Nf3 Qxf2# 0-1

[Event "4NCL Online Division 5"]
[Site "online"]
[Date "2020.04.14"]
[Round "2.224"]
[White "Cuthbert, Larissa"]
[Black "Cooper, Howard"]
[Result "1-0"]
[WhiteElo "1010"]
[BlackElo "1300"]
[PlyCount "59"]
[EventDate "2020.04.14"]
[WhiteTeam "Wessex Some Stars C"]
[BlackTeam "Sheffield Deaf"]

1. e4 d6 2. d4 f5 3. f3 e6 4. Nc3 Nc6 5. Be3 d5 6. exd5 exd5 7. Qd2 Be7 8.
O-O-O Nf6 9. Nge2 O-O 10. h4 Bb4 11. h5 Na5 12. Bg5 Qd6 13. Nf4 Bd7 14. h6 g6
15. a3 Nc4 16. Bxc4 dxc4 17. axb4 Qxb4 18. Bxf6 Rxf6 19. Nfd5 Qa5 20. Nxf6+ Kf7
21. Nxd7 Qa1+ 22. Nb1 Rd8 23. Ne5+ Kf6 24. Qb4 Rd6 25. Rhe1 Rb6 26. Nd7+ Kg5
27. Qe7+ Kxh6 28. Qh4+ Kg7 29. Re7+ Kh8 30. Qxh7# 1-0

[Event "4NCL Online Division 5"]
[Site "online"]
[Date "2020.04.14"]
[Round "2.231"]
[White "Dunlop, Anthony"]
[Black "Nolan, Dermot"]
[Result "0-1"]
[WhiteElo "1784"]
[BlackElo "1845"]
[PlyCount "72"]
[EventDate "2020.04.14"]
[WhiteTeam "East Kilbride"]
[BlackTeam "Gonzaga D"]

1. f4 d5 2. Nf3 c5 3. e3 Nc6 4. c3 c4 5. d3 cxd3 6. Bxd3 Nf6 7. O-O Bg4 8. Nbd2
e6 9. Qa4 Bxf3 10. Rxf3 Qb6 11. Nb3 Bd6 12. Nd4 O-O 13. Kf1 e5 14. Nxc6 bxc6
15. fxe5 Bxe5 16. Qh4 h6 17. Rf5 Rfe8 18. g4 Ne4 19. Rb1 Qd8 20. Qh3 g6 21.
Bxe4 dxe4 22. Rf2 Qd3+ 23. Kg1 Qxb1 24. Rf1 Kg7 25. Qg2 Rad8 26. Qe2 Qd3 27.
Qf2 Rd7 28. h4 Re6 29. g5 h5 30. Qg2 Red6 31. a3 a5 32. b4 a4 33. Bb2 Qxe3+ 34.
Qf2 Qxf2+ 35. Rxf2 Rd2 36. Bc1 Rd1+ 0-1

[Event "4NCL Online Division 5"]
[Site "online"]
[Date "2020.04.14"]
[Round "2.232"]
[White "Moran, Darragh"]
[Black "Howie, Andrew"]
[Result "1-0"]
[WhiteElo "1868"]
[BlackElo "1494"]
[PlyCount "109"]
[EventDate "2020.04.14"]
[WhiteTeam "Gonzaga D"]
[BlackTeam "East Kilbride"]

1. d4 Nf6 2. c4 e5 3. dxe5 Ng4 4. Nf3 Nc6 5. Bf4 Qe7 6. Nc3 d6 7. exd6 cxd6 8.
Nd5 Qd8 9. e3 g6 10. Bg5 f6 11. Bf4 Bg7 12. Be2 O-O 13. O-O Nge5 14. Qd2 Nxf3+
15. Bxf3 Ne5 16. Be2 Be6 17. Rfd1 f5 18. Rac1 Rf7 19. b3 Rd7 20. Bf1 Rc8 21.
Nc3 a6 22. a3 h5 23. e4 Qf8 24. exf5 Bxf5 25. Nd5 Re8 26. Nb6 Rdd8 27. Nd5 Rd7
28. Bg5 Nf7 29. Nf6+ Bxf6 30. Bxf6 Ne5 31. Bxe5 dxe5 32. Qb2 e4 33. Rxd7 Bxd7
34. Qd4 Bc6 35. Rd1 Kh7 36. b4 e3 37. fxe3 Re4 38. Qd6 Qxd6 39. Rxd6 Rxe3 40.
b5 axb5 41. cxb5 Be8 42. Rb6 Rxa3 43. Rxb7+ Kh6 44. Rb8 Bd7 45. b6 Rb3 46. Rd8
Bc6 47. Rd6 Be4 48. Kf2 Rb4 49. Be2 Bf5 50. Bf3 Bc8 51. Rd8 Rxb6 52. Rxc8 Rd6
53. Rc6 Rd2+ 54. Ke3 Ra2 55. Be4 1-0

[Event "4NCL Online Division 5"]
[Site "online"]
[Date "2020.04.14"]
[Round "2.233"]
[White "Shrestha, Deepesh"]
[Black "Murray, Sam"]
[Result "0-1"]
[WhiteElo "1200"]
[BlackElo "1613"]
[PlyCount "40"]
[EventDate "2020.04.14"]
[WhiteTeam "East Kilbride"]
[BlackTeam "Gonzaga D"]

1. d4 Nf6 2. Bf4 c6 3. e3 g5 4. Bg3 h5 5. h3 Qb6 6. Nc3 Qxb2 7. Na4 Qa3 8. c3
b5 9. Bxb5 cxb5 10. Qf3 d5 11. Ne2 Qxa4 12. Be5 Nbd7 13. Kd2 Nxe5 14. dxe5 Ne4+
15. Ke1 Bg7 16. Rd1 Qxa2 17. Rxd5 Qxd5 18. Ng3 Qd2+ 19. Kf1 Qc1+ 20. Ke2 Qc2+
0-1

[Event "4NCL Online Division 5"]
[Site "online"]
[Date "2020.04.14"]
[Round "2.234"]
[White "Tempany, Max"]
[Black "Shrestha, Unnabh"]
[Result "1-0"]
[WhiteElo "1634"]
[BlackElo "1084"]
[PlyCount "91"]
[EventDate "2020.04.14"]
[WhiteTeam "Gonzaga D"]
[BlackTeam "East Kilbride"]

1. e4 c6 2. d4 d5 3. e5 Bf5 4. h4 e6 5. g4 Be4 6. f3 Bg6 7. h5 Bxc2 8. Qxc2 Ne7
9. Nc3 Nd7 10. Bg5 h6 11. Bh4 c5 12. dxc5 Qc7 13. f4 Qxc5 14. Nge2 d4 15. Bf2
Nc6 16. O-O-O Nb4 17. Bxd4 Nxc2 18. Bxc5 Bxc5 19. Kxc2 O-O-O 20. Ne4 Bb6 21.
Nd6+ Kb8 22. Nxf7 Rc8+ 23. Kb1 Rhf8 24. Rxd7 Be3 25. Bg2 Rc7 26. Rxc7 Kxc7 27.
Nd6 Bc5 28. Rc1 b6 29. b4 Kd7 30. bxc5 bxc5 31. Rxc5 Rb8+ 32. Kc2 Rd8 33. Bc6+
Ke7 34. Be4 Kf8 35. Rc7 Kg8 36. Rxa7 Rf8 37. Ra8 Rxa8 38. Bxa8 Kf8 39. Bc6 Ke7
40. a4 Kd8 41. Nb5 Kc8 42. a5 Kb8 43. a6 Kc8 44. a7 Kd8 45. a8=Q+ Ke7 46. Qe8#
1-0

[Event "4NCL Online Division 5"]
[Site "online"]
[Date "2020.04.21"]
[Round "3.11"]
[White "Cheal, Barry A"]
[Black "McGettigan, Andrew"]
[Result "1-0"]
[WhiteElo "2193"]
[BlackElo "1723"]
[PlyCount "155"]
[EventDate "2020.04.21"]
[WhiteTeam "Hertford"]
[BlackTeam "CSC 5"]

1. b3 e5 2. Bb2 Nc6 3. e3 Nf6 4. c4 Be7 5. Be2 O-O 6. Nc3 d5 7. cxd5 Nxd5 8.
Nf3 Bg4 9. O-O Qd7 10. h3 Be6 11. Nxd5 Qxd5 12. Bc4 Qd6 13. Bxe6 Qxe6 14. d4
Rfd8 15. Qc2 e4 16. Nd2 f5 17. Qc4 Qxc4 18. bxc4 Nb4 19. Ba3 Re8 20. Rab1 a5
21. Rb3 b6 22. g3 g5 23. Nb1 Nxa2 24. Bxe7 Rxe7 25. Nc3 Nxc3 26. Rxc3 Kg7 27.
Rb1 h5 28. c5 bxc5 29. Rxc5 Rf7 30. Rbb5 a4 31. Ra5 Rxa5 32. Rxa5 h4 33. gxh4
gxh4 34. Rxa4 Kf6 35. Ra5 Kg5 36. Rc5 Kf6 37. Kf1 Ke6 38. Ke2 Kd6 39. Ra5 c6
40. Ra8 f4 41. Rd8+ Ke6 42. Re8+ Kd5 43. Re5+ Kc4 44. Rc5+ Kb4 45. exf4 Rxf4
46. Rxc6 Rf3 47. Re6 Rxh3 48. Rxe4 Kc4 49. Rg4 Rh1 50. Kf3 h3 51. Rh4 Re1 52.
Kg3 Re2 53. Rf4 Kd5 54. Kxh3 Ke6 55. Kg4 Rd2 56. Kf3 Rd1 57. Ke2 Ra1 58. f3 Ra3
59. Re4+ Kd5 60. Kf2 Ra1 61. Kg3 Rg1+ 62. Kf4 Rf1 63. Kg4 Rf2 64. Rf4 Ke6 65.
Rf5 Rd2 66. d5+ Ke7 67. Kf4 Kd6 68. Rf8 Rf2 69. Rd8+ Ke7 70. Ra8 Rd2 71. Ke5
Re2+ 72. Kf5 Rf2 73. f4 Rd2 74. Ra5 Rd1 75. Ra7+ Kd6 76. Ra8 Rxd5+ 77. Kf6 Rd1
78. Rd8+ 1-0

[Event "4NCL Online Division 5"]
[Site "online"]
[Date "2020.04.21"]
[Round "3.12"]
[White "Mason, Ian"]
[Black "Buswell, A Mark"]
[Result "1-0"]
[WhiteElo "1548"]
[BlackElo "1810"]
[PlyCount "57"]
[EventDate "2020.04.21"]
[WhiteTeam "CSC 5"]
[BlackTeam "Hertford"]

1. d4 Nf6 2. c4 d5 3. Nf3 e6 4. g3 c6 5. Bg2 Nbd7 6. Qc2 Bd6 7. O-O h6 8. Nbd2
O-O 9. Rd1 Re8 10. e4 dxe4 11. Nxe4 Nxe4 12. Qxe4 Nf6 13. Qe2 Qe7 14. Ne5 Nd7
15. Bf4 Nf8 16. c5 Bxe5 17. Bxe5 Nd7 18. Bd6 Qd8 19. a4 Nf6 20. a5 Nd5 21. h4
Nc7 22. Qh5 Nb5 23. Be5 Qe7 24. a6 Rd8 25. Be4 f6 26. Bf4 Nxd4 27. Bd6 Rxd6 28.
cxd6 Qxd6 29. Rxd4 1-0

[Event "4NCL Online Division 5"]
[Site "online"]
[Date "2020.04.21"]
[Round "3.13"]
[White "Judkins, Brian D"]
[Black "Wenninger, Maxim"]
[Result "1/2-1/2"]
[WhiteElo "1697"]
[BlackElo "1540"]
[PlyCount "81"]
[EventDate "2020.04.21"]
[WhiteTeam "Hertford"]
[BlackTeam "CSC 5"]

1. e4 c5 2. Nf3 d6 3. d3 Bg4 4. g3 Nc6 5. Bg2 Nf6 6. c3 d5 7. Nbd2 dxe4 8. dxe4
e6 9. Qc2 Qc7 10. O-O Be7 11. Re1 O-O 12. Nf1 Rad8 13. Ne3 Bh5 14. b3 Rd7 15.
Bb2 Rfd8 16. Rad1 Bg6 17. Nh4 Bh5 18. Nf3 b5 19. Rxd7 Nxd7 20. Rd1 Nce5 21. Qe2
c4 22. h3 Nxf3+ 23. Bxf3 Bxf3 24. Qxf3 Ne5 25. Qe2 Nd3 26. Kg2 Bc5 27. Rd2 Bxe3
28. Qxe3 h6 29. bxc4 bxc4 30. f4 Rb8 31. Ba3 Qa5 32. Bd6 Rb6 33. Bc7 Qxc3 34.
Bxb6 axb6 35. Qe2 b5 36. Kh2 Qd4 37. Rc2 Qd6 38. Qd2 Qd4 39. Qe2 Qa1 40. Qd2
Qd4 41. Qe2 1/2-1/2

[Event "4NCL Online Division 5"]
[Site "online"]
[Date "2020.04.21"]
[Round "3.14"]
[White "Khoury, Theo"]
[Black "Wooster, Nick"]
[Result "1/2-1/2"]
[WhiteElo "1465"]
[BlackElo "1690"]
[PlyCount "159"]
[EventDate "2020.04.21"]
[WhiteTeam "CSC 5"]
[BlackTeam "Hertford"]

1. e4 c5 2. c3 d6 3. d4 cxd4 4. cxd4 e6 5. Nf3 Nf6 6. Nc3 Be7 7. Be2 a6 8. O-O
O-O 9. Bg5 Nbd7 10. Qd2 b6 11. Rac1 Bb7 12. Bd3 Rc8 13. Rfe1 Re8 14. h3 b5 15.
a3 Nb6 16. b3 Nbd7 17. a4 b4 18. Na2 a5 19. Rc2 Rxc2 20. Bxc2 Qa8 21. Qf4 Nh5
22. Qh4 Bxg5 23. Nxg5 h6 24. Qxh5 hxg5 25. Qxg5 Nf8 26. Re3 Nh7 27. Qf4 e5 28.
dxe5 dxe5 29. Qf5 Bc8 30. Qf3 Re6 31. Rd3 Ba6 32. Rd5 Bb7 33. Rd2 Nf6 34. Qd1
Re8 35. f3 Nh5 36. Nc1 Qa7+ 37. Kh2 Qe3 38. Ne2 Ba6 39. Bb1 Rc8 40. Bc2 Bxe2
41. Rxe2 Qf4+ 42. Kg1 Ng3 43. Re1 Rc3 44. Kf2 Nh5 45. Kg1 Ng3 46. Qb1 Qd2 47.
Qd1 Rxc2 48. Qxd2 Rxd2 49. Kh2 Nh5 50. Rc1 Rb2 51. Rc5 Rxb3 52. Rxe5 Nf4 53.
Rxa5 Ra3 54. Ra8+ Kh7 55. a5 b3 56. Rb8 Rxa5 57. Rxb3 Ra2 58. Kg3 Nxg2 59. Rb7
f6 60. Rb3 Ne1 61. Re3 Nc2 62. Re2 Nb4 63. Rxa2 Nxa2 64. Kf4 Nb4 65. Ke3 Kg6
66. f4 Nc6 67. Kf3 Kh5 68. Kg3 g6 69. h4 Nd4 70. e5 fxe5 71. fxe5 Nf5+ 72. Kf4
Kxh4 73. e6 Kh5 74. Ke5 Kg4 75. Kf6 g5 76. Ke5 Ne7 77. Kd6 Nf5+ 78. Ke5 Ne7 79.
Kd6 Nf5+ 80. Ke5 1/2-1/2

[Event "4NCL Online Division 5"]
[Site "online"]
[Date "2020.04.21"]
[Round "3.21"]
[White "Shah, Kian"]
[Black "McElvenny, Damien"]
[Result "0-1"]
[WhiteElo "1735"]
[BlackElo "1773"]
[PlyCount "152"]
[EventDate "2020.04.21"]
[WhiteTeam "Chess Warriors"]
[BlackTeam "Bolton & Worsley"]

1. e4 c5 2. Nf3 d6 3. d4 cxd4 4. Nxd4 Nf6 5. Nc3 a6 6. Be3 e6 7. f3 Qc7 8. Bd3
Be7 9. O-O O-O 10. Re1 Nbd7 11. Bf4 Re8 12. Bg3 b5 13. f4 Bb7 14. e5 Nd5 15.
Ne4 dxe5 16. fxe5 Nxe5 17. Qh5 f5 18. Ng5 Bxg5 19. Qxg5 Nf7 20. Qh4 Qd7 21.
Rxe6 Rxe6 22. Bxf5 Rae8 23. Qxh7+ Kf8 24. Nxe6+ Rxe6 25. Bxe6 Qxe6 26. Re1 Qc6
27. Bh4 Nf6 28. Qg6 Qc5+ 29. Kh1 Qb4 30. Qg3 g5 31. Bxg5 Nxg5 32. Qb8+ Kf7 33.
Qxb7+ Kg6 34. Re7 Nge4 35. Rg7+ Kf5 36. Qc8+ Kf4 37. Qc7+ Kf5 38. h3 Qe1+ 39.
Kh2 Qb4 40. g4+ Ke6 41. Qf7+ Ke5 42. Qc7+ Ke6 43. Qc8+ Kd5 44. Qf5+ Kd6 45.
Qf4+ Kc5 46. Qc7+ Kd5 47. Qd8+ Ke6 48. Qc8+ Kd5 49. Qb7+ Ke6 50. Qf7+ Ke5 51.
Qe7+ Qxe7 52. Rxe7+ Kd5 53. Ra7 Nc5 54. Kg3 Nfe4+ 55. Kf4 Ne6+ 56. Ke3 Nd6 57.
Rxa6 Nc4+ 58. Kf3 b4 59. h4 Nxb2 60. h5 Nc4 61. h6 Ne5+ 62. Kg3 Nf8 63. g5 Ke4
64. Ra8 Nh7 65. Rg8 Kf5 66. Rh8 Nxg5 67. h7 Ke4 68. Kh4 Ng6+ 69. Kxg5 Nxh8 70.
Kf6 Kd5 71. Kg7 Ke6 72. Kxh8 Kf7 73. c4 bxc3 74. a4 c2 75. a5 c1=Q 76. a6 Qc3#
0-1

[Event "4NCL Online Division 5"]
[Site "online"]
[Date "2020.04.21"]
[Round "3.22"]
[White "Doherty, Paul"]
[Black "Gurjar, Roshan"]
[Result "1-0"]
[WhiteElo "1738"]
[BlackElo "1712"]
[PlyCount "97"]
[EventDate "2020.04.21"]
[WhiteTeam "Bolton & Worsley"]
[BlackTeam "Chess Warriors"]

1. e4 c5 2. Nc3 d6 3. f4 Nc6 4. Nf3 Nf6 5. a3 Bg4 6. Bb5 Rc8 7. O-O g6 8. h3
Bd7 9. Bc4 Bg7 10. Qe1 O-O 11. d3 a6 12. f5 Kh8 13. Qh4 Ne5 14. Ba2 Nxf3+ 15.
Rxf3 gxf5 16. Bh6 Bxh6 17. Qxh6 Qb6 18. Rg3 Rg8 19. Rxg8+ Rxg8 20. Rb1 fxe4 21.
dxe4 c4+ 22. Kh1 Qf2 23. Rg1 Bc6 24. Bxc4 Nxe4 25. Nd5 Ng3+ 26. Kh2 Bxd5 27.
Bxd5 Ne2 28. Rd1 Qg3+ 29. Kh1 Nf4 30. Be4 f5 31. Bxb7 Qf2 32. Rg1 Ne2 33. Rd1
Ng3+ 34. Kh2 Ne4 35. Bxe4 fxe4 36. Rg1 e3 37. Qe6 e2 38. Qxe7 e1=Q 39. Qxe1
Rxg2+ 40. Rxg2 Qxe1 41. Rg1 Qe2+ 42. Rg2 Qe5+ 43. Rg3 Qxb2 44. h4 Qxc2+ 45. Kh3
d5 46. h5 d4 47. Rf3 d3 48. h6 d2 49. Rf8# 1-0

[Event "4NCL Online Division 5"]
[Site "online"]
[Date "2020.04.21"]
[Round "3.23"]
[White "Ivan, Austin"]
[Black "Lamb, Ian"]
[Result "1-0"]
[WhiteElo "1622"]
[BlackElo "1568"]
[PlyCount "57"]
[EventDate "2020.04.21"]
[WhiteTeam "Chess Warriors"]
[BlackTeam "Bolton & Worsley"]

1. d4 d5 2. Nc3 e6 3. Bf4 Be7 4. e3 Nf6 5. Qf3 c6 6. g4 Qa5 7. O-O-O Bb4 8.
Nge2 Ne4 9. Nxe4 dxe4 10. Qxe4 Qxa2 11. c3 Qa1+ 12. Kc2 Qa4+ 13. Kd2 Be7 14.
Bxb8 Rxb8 15. Qe5 Ra8 16. Qxg7 Rf8 17. Rb1 b5 18. Qxh7 b4 19. Bg2 bxc3+ 20.
bxc3 Ba6 21. Ra1 Qc4 22. Nf4 Bd6 23. Bf1 Qb3 24. Bxa6 Bxf4 25. Rhb1 Bxe3+ 26.
fxe3 Qd5 27. Rb7 Qg2+ 28. Be2 a5 29. Qh4 1-0

[Event "4NCL Online Division 5"]
[Site "online"]
[Date "2020.04.21"]
[Round "3.24"]
[White "Busznyak, Arpad"]
[Black "Gurjar, Siena"]
[Result "1-0"]
[WhiteElo "1570"]
[BlackElo "1382"]
[PlyCount "61"]
[EventDate "2020.04.21"]
[WhiteTeam "Bolton & Worsley"]
[BlackTeam "Chess Warriors"]

1. d4 d5 2. Nf3 Nf6 3. e3 Bf5 4. Bd3 Bxd3 5. cxd3 e6 6. Nc3 Bb4 7. Bd2 O-O 8.
O-O Nbd7 9. Qb3 Bxc3 10. bxc3 Nb6 11. a4 a5 12. Ne5 Qd6 13. Bc1 Qd8 14. f4 Rc8
15. f5 exf5 16. Rxf5 Re8 17. e4 c6 18. Bg5 Re6 19. Rb1 Nbd7 20. Rbf1 Qe7 21.
Nxd7 Qxd7 22. Bxf6 gxf6 23. Rxf6 Rxf6 24. Rxf6 dxe4 25. dxe4 Re8 26. e5 Kg7 27.
Qc2 Re6 28. Qf5 c5 29. d5 Qxd5 30. Rxf7+ Kg8 31. Qxh7# 1-0

[Event "4NCL Online Division 5"]
[Site "online"]
[Date "2020.04.21"]
[Round "3.31"]
[White "Marshall, John R"]
[Black "Robinson, Brian"]
[Result "0-1"]
[WhiteElo "1652"]
[BlackElo "1750"]
[PlyCount "88"]
[EventDate "2020.04.21"]
[WhiteTeam "Temple Sutton"]
[BlackTeam "Bishop Trojans"]

1. d4 Nf6 2. c4 e6 3. Nf3 d5 4. Nc3 Be7 5. cxd5 exd5 6. Bg5 c6 7. e3 Bf5 8. Be2
Nbd7 9. O-O O-O 10. Qb3 Qb6 11. Qxb6 axb6 12. a3 h6 13. Bh4 Rfe8 14. Ne5 Nxe5
15. dxe5 Nd7 16. Bxe7 Rxe7 17. f4 f6 18. e4 dxe4 19. Bc4+ Kh8 20. exf6 Nxf6 21.
Rad1 Rae8 22. h3 e3 23. Be2 Ne4 24. Nxe4 Bxe4 25. Rd6 Bd5 26. f5 Rf7 27. f6
Rxf6 28. Rdxf6 gxf6 29. Rxf6 Kg7 30. Rf4 b5 31. Rg4+ Kf6 32. Kf1 Re5 33. Rf4+
Rf5 34. Rxf5+ Kxf5 35. g3 Ke4 36. g4 Kf4 37. h4 Be6 38. g5 hxg5 39. hxg5 Kxg5
40. Kg2 Kf4 41. b4 Ke4 42. Bd1 Kd3 43. Kf1 Kd2 44. Be2 Bh3+ 0-1

[Event "4NCL Online Division 5"]
[Site "online"]
[Date "2020.04.21"]
[Round "3.32"]
[White "Smith, Peter J"]
[Black "Perks, Gary M"]
[Result "1-0"]
[WhiteElo "1667"]
[BlackElo "1577"]
[PlyCount "41"]
[EventDate "2020.04.21"]
[WhiteTeam "Bishop Trojans"]
[BlackTeam "Temple Sutton"]

1. h3 d5 2. a3 Bf5 3. d3 Nf6 4. c3 e6 5. Nd2 Nbd7 6. g4 Bg6 7. Bg2 h6 8. Ngf3
c6 9. Qc2 Bc5 10. g5 hxg5 11. Nxg5 Ne5 12. b4 Bb6 13. a4 a6 14. a5 Ba7 15. e4
dxe4 16. Ngxe4 Nxe4 17. Nxe4 Bh5 18. d4 Nf3+ 19. Kf1 Nh4 20. Bg5 f5 21. Bxd8
1-0

[Event "4NCL Online Division 5"]
[Site "online"]
[Date "2020.04.21"]
[Round "3.33"]
[White "Carr, Ashley"]
[Black "Bainbridge, Bryan J"]
[Result "0-1"]
[WhiteElo "1577"]
[BlackElo "1570"]
[PlyCount "60"]
[EventDate "2020.04.21"]
[WhiteTeam "Temple Sutton"]
[BlackTeam "Bishop Trojans"]

1. d4 b5 2. Bf4 Bb7 3. e3 e6 4. Nf3 Nf6 5. h3 c5 6. c3 a6 7. a3 cxd4 8. cxd4 h6
9. Nbd2 Be7 10. b4 d6 11. Rc1 Nbd7 12. Be2 Rc8 13. O-O O-O 14. Bd3 Kh8 15. Bb1
Rxc1 16. Qxc1 Qc8 17. Qb2 Qb8 18. Rc1 Rc8 19. Rxc8+ Qxc8 20. Kf1 Nb6 21. Ke2
Nc4 22. Nxc4 Qxc4+ 23. Ke1 Ne4 24. Bxe4 Bxe4 25. Nd2 Qd3 26. Nxe4 Qxe4 27. Kf1
Qd3+ 28. Kg1 Qd1+ 29. Kh2 Qf1 30. Qc1 Qxc1 0-1

[Event "4NCL Online Division 5"]
[Site "online"]
[Date "2020.04.21"]
[Round "3.34"]
[White "Berry, Robert"]
[Black "Pool, Melvin R"]
[Result "0-1"]
[WhiteElo "1562"]
[BlackElo "1585"]
[PlyCount "76"]
[EventDate "2020.04.21"]
[WhiteTeam "Bishop Trojans"]
[BlackTeam "Temple Sutton"]

1. e4 e5 2. Nf3 Nc6 3. Bc4 Be7 4. a3 Nf6 5. Nc3 d6 6. h3 O-O 7. d3 a6 8. Bd2 h6
9. Nh2 Re8 10. Ne2 d5 11. exd5 Nxd5 12. O-O Nb6 13. Ba2 Bd6 14. Ng3 Be6 15. Nh5
Bxa2 16. Rxa2 Re6 17. c3 Qe7 18. Ng3 Rg6 19. Ne4 Qe6 20. Ra1 Qxh3 21. Qf3 Qxf3
22. Nxf3 Be7 23. b4 Rd8 24. Ne1 f5 25. Ng3 e4 26. d4 Nc4 27. Bf4 Bd6 28. Bxd6
cxd6 29. Nc2 Rf8 30. Rfe1 d5 31. Ne2 f4 32. Nc1 Nd2 33. Kh1 Rf5 34. Rd1 Nf3 35.
g3 fxg3 36. Kg2 Nh4+ 37. Kh3 Rxf2 38. Kxh4 Rh2# 0-1

[Event "4NCL Online Division 5"]
[Site "online"]
[Date "2020.04.21"]
[Round "3.41"]
[White "Beckett, Phill"]
[Black "Ball, Matthew P"]
[Result "1-0"]
[WhiteElo "1720"]
[BlackElo "1750"]
[PlyCount "85"]
[EventDate "2020.04.21"]
[WhiteTeam "Wirral League Wanderers"]
[BlackTeam "Doughnuts of Doom"]

1. e4 d6 2. d4 Nf6 3. Nc3 Nbd7 4. Nf3 e5 5. Bc4 h6 6. O-O Be7 7. Re1 c6 8. a4
a5 9. Ba2 Qc7 10. h3 Nf8 11. Be3 Ne6 12. d5 Nf8 13. Bc4 Ng6 14. Bd3 O-O 15. Nd2
Nd7 16. Nc4 Nf4 17. Qd2 Nxd3 18. Qxd3 Rd8 19. b3 Nc5 20. Bxc5 dxc5 21. Red1 Bd6
22. dxc6 bxc6 23. Nxd6 Ba6 24. Qd2 Rd7 25. Ndb5 Rxd2 26. Nxc7 Rxd1+ 27. Rxd1
Ra7 28. Nxa6 Rxa6 29. Rd6 g6 30. Nd5 Kf8 31. Ne3 Ke7 32. Nc4 h5 33. f3 f6 34.
h4 Kf7 35. Rd7+ Kf8 36. Kh2 Ra8 37. Nd6 Rb8 38. Rf7+ Kg8 39. Rxf6 Kg7 40. Re6
Rd8 41. Nc4 Kf7 42. Rxe5 Kf6 43. Rxc5 1-0

[Event "4NCL Online Division 5"]
[Site "online"]
[Date "2020.04.21"]
[Round "3.42"]
[White "Smith, David W"]
[Black "Ray, Hiya"]
[Result "0-1"]
[WhiteElo "1727"]
[BlackElo "1586"]
[PlyCount "76"]
[EventDate "2020.04.21"]
[WhiteTeam "Doughnuts of Doom"]
[BlackTeam "Wirral League Wanderers"]

1. e4 c5 2. Nc3 Nc6 3. f4 g6 4. Nf3 Bg7 5. Bb5 Nd4 6. O-O Nxb5 7. Nxb5 a6 8.
Nc3 d6 9. d3 Nf6 10. Qe1 b5 11. Kh1 O-O 12. Qh4 b4 13. Ne2 Bb7 14. f5 Qd7 15.
fxg6 fxg6 16. Bh6 Qg4 17. Bxg7 Qxh4 18. Nxh4 Kxg7 19. h3 Nd7 20. Ng3 c4 21.
dxc4 Rac8 22. b3 Nc5 23. e5 dxe5 24. Nf3 e4 25. Ng1 e5 26. N1e2 e3 27. Rxf8
Rxf8 28. Rf1 Rd8 29. Rc1 Rd2 30. Kg1 Ne6 31. c3 Nf4 32. Re1 Nd3 33. Kf1 bxc3
34. Ra1 c2 35. Nc3 c1=Q+ 36. Rxc1 Nxc1 37. Nge2 Nxe2 38. Nxe2 Rd1# {[Event
"4NCL Online Division} 0-1